000 02194cam a22004574i 4500
003 PE-LiUPU
005 20250731172939.0
008 150623s1990 miua rb 000 0 eng d
020 _a0310521912
035 _a(Sirsi) i9780310521914
040 _aPE-LiUPU
_bspa
_cPE-LiUPU
_erda
049 _aPRUA
082 0 4 _a259.4
_bS19
_221
100 1 _aSampley, DeAnn,
_d1954-,
_eautor.
245 1 2 _aA guide to deaf ministry :
_blet's sign worthy of the Lord /
_cDeAnn Sampley; prólogo de Joni Eareckson Tada, ilustraciones V. Duane Anderson.
264 1 _aMichigan :
_bZondervan Publishing House,
_c1990.
300 _a155 páginas :
_bilustraciones ;
_c23 centímetros
336 _atext
_2rdacontent
337 _aunmediated
_2rdamedia
338 _avolume
_2rdacarrier
504 _aIncluye bibliografía.
505 0 _aDefinitions of deafness -- Types of hearing loos.- Methods of communication -- Beyond the communication barrier -- Who belongs to the deaf community?.- The relationship of ASL to the culture -- History of the education -- Who, me- a missionary? -- What to do and not do in relating to deaf people -- Ministry within our sphtre of influence -- The interpreter's motivation -- The interpreter's temptation -- The interpreter: a student of many languages -- Sample traslations -- God's word made visual -- The manual alphabet -- Committed to signing -- Society's misconception -- A new concept: indigenous churches -- Awakening the church -- Overcoming obstacles.
526 _aSEG42
526 _aSEG41
526 _aSEG40
526 _aSEG39
526 _aP94
526 _aP87
526 _aP86
526 _aP85
526 _aP77
526 _aP76
526 _aP35
650 1 4 _aTrabajo de iglesia con sordos.
942 _2ddc
_cBOOK
949 _a259.4 S19
_wDEWEY
_c1
_i44512
_lCCODEBUL1
_mBUL
_r0
_sY
_tBOOK
_u2015-6-24
_xTEOLOGIA
_PP35
_0COMPRA
_o.STAFF. Colección General
994 _aC0
_bPEPRU
596 _a1
999 _a259.4 S19
_wDEWEY
_c21394
_i44512
_f2021-11-10
_g5
_lCCODEBUL1
_mBUL
_p20.00
_r0
_sY
_tBOOK
_u2015-6-24
_xTEOLOGIA
_PP35
_0COMPRA
_o.STAFF. Colección Teología
_d21394
980 _81
_gALBERTO SANCHEZ Responsable de Automatización